书目信息 |
| 题名: |
非农化与农村社会分层
|
|
| 作者: | 卢福营 , 刘成斌 著 | |
| 分册: | ||
| 出版信息: | 北京 中国经济出版社 2005 |
|
| 页数: | 14,264页 | |
| 开本: | 21cm | |
| 丛书名: | 中国新乡村建设丛书 | |
| 单 册: | ||
| 中图分类: | F323.6 | |
| 科图分类: | ||
| 主题词: | 农业--劳动力转移--研究--中国 , 劳动力转移 | |
| 电子资源: | ||
| ISBN: | 7-5017-6684-3 | |
| 000 | 01020oam2 2200301 45 | |
| 001 | 0900000025093 | |
| 005 | 20051223094038.32 | |
| 010 | @a7-5017-6684-3@dCNY25.00 | |
| 092 | @aCN | |
| 100 | @a20050315d2005 ekmy0chiy0120 ea | |
| 101 | 0 | @achi |
| 102 | @aCN@b110000 | |
| 105 | @ak z 000yy | |
| 200 | 1 | @a非农化与农村社会分层@9fei nong hua yu nong cun she hui fen ceng@e十个村庄的实证研究@f卢福营,刘成斌著@Flu fu ying,liu cheng bin zhu |
| 210 | @a北京@c中国经济出版社@d2005 | |
| 215 | @a14,264页@d21cm | |
| 225 | 2 | @a中国新乡村建设丛书@v4 |
| 330 | @a本书内容包括上、下两篇,上篇为多元化的农村社会分层,下篇为非均衡的农村社会分层。 | |
| 461 | 0 | @12001 @a中国新乡村建设丛书 |
| 517 | 1 | @a十个村庄的实证研究@9shi ge cun zhuang de shi zheng yan jiu |
| 606 | 0 | @a农业@x劳动力转移@x研究@y中国 |
| 606 | 0 | @a劳动力转移 |
| 690 | @aF323.6@v4 | |
| 701 | 0 | @a卢福营@Alu fu ying@4著 |
| 701 | 0 | @a刘成斌@Aliu cheng bin@4著 |
| 801 | 0 | @aCN@bCXYBOOK@c20051223 |
| 905 | @a10447@dF323.6@e41 | |
| 999 | @aAFJ@eJDD | |
| 非农化与农村社会分层:十个村庄的实证研究/卢福营,刘成斌著.-北京:中国经济出版社,2005 |
| 14,264页;21cm.-(中国新乡村建设丛书;4) |
| ISBN 7-5017-6684-3:CNY25.00 |
| 本书内容包括上、下两篇,上篇为多元化的农村社会分层,下篇为非均衡的农村社会分层。 |
| ● |
| 相关链接 |
|
|
|
|
正题名:非农化与农村社会分层
索取号:F323.6/41
 
预约/预借
| 序号 | 登录号 | 条形码 | 馆藏地/架位号 | 状态 | 备注 |
| 1 | 0372284 | 203722846 | 第一样本阅览室/ [索取号:F323.6/41] | 在馆 | |
| 2 | 0372285 | 203722855 | 第一借阅区/ [索取号:F323.6/41] | 在馆 | |
| 3 | 0372286 | 203722864 | 第一借阅区/ [索取号:F323.6/41] | 在馆 | |
| 4 | 0372287 | 203722873 | 第一借阅区/ [索取号:F323.6/41] | 在馆 | |
| 5 | 0372288 | 203722882 | 第一借阅区/ [索取号:F323.6/41] | 在馆 |